Aktualne nazwy dawnych krzyżackich miast cz. 2 - Statystyki

Ogólne statystyki
  • Ten quiz został rozwiązany 17 razy
  • Średni wynik to 3 z 20
Statystyki odpowiedzi
Dawna nazwa Aktualna nazwa % Poprawnych
Bütow Bytów
62%
Thorn Toruń
62%
Rastenburg Kętrzyn
38%
Bartenstein Bartoszyce
31%
Graudenz Grudziądz
31%
Braunsberg Braniewo
23%
Marienwerder Kwidzyn
23%
Johannisburg Pisz
23%
Rhein Ryn
15%
Tilsit Sowieck
8%
Schwetz Świecie
8%
Straisberg Brodnica
0%
Wenden Cēsis
0%
Dünamünde Daugavgrīva
0%
Mewe Gniew
0%
Goldingen Kuldīga
0%
Lauenburg Lębork
0%
Ragnit Nieman
0%
Dirschau Tczew
0%
Frideck / Briesen Wąbrzeźno
0%
Nie znaleziono quizów pasujących do podanych kryteriów
Rozkład punktacji
Procent ludzi z każdym wynikiem
Percentyl według liczby udzielonych odpowiedzi
Twoja historia wyników
Nie rozwiązałeś tego quizu